00833nam a2200229 i 4500001000700000003000900007005001700016008004100033020001800074080000800092100002700100245005500127260004700182300002500229490003100254504003200285650004000317830003900357852006500396999001900461952012300480172562ES-MaACL20250804082049.0090720s1971 xxk |||| | eng d a0-7100-7026-8 a1640 aCopi, Irving M.94041114aThe theory of logical types / cby Irving M. Copi. aLondon : bRoutledge & Kegan Paul, c1971. aX, 129 p. ; c18 cm.1 aMonographs in modern logic aBibliografía: p. 118-125. 7aLógica matemática2embne9146971 aMonographs in modern logic92233714 aES-MaACLjE-12882 z- Biblioteca Jacinto Martínez Lacalle c172562d172562 00104070aATENEOMbATENEOMcDEPO2d2009-07-20eDONl0oE-12882p1181089r2023-02-23 00:00:00w2023-02-23yMONOGRAFIA